Sociologické aspekty migrácie v EÚ diplomová práca

Gespeichert in:
Bibliographische Detailangaben
1. Verfasser: Mazancová, Monika
Körperschaft: Fakulta medzinárodných vzťahov EU. Katedra medzinárodných politických vzťahov
Weitere Verfasser: Štefancová, Viera
Format: Buch
Sprache:Slowakisch
Veröffentlicht: Bratislava 2018
Tags: Tag hinzufügen
Keine Tags, Fügen Sie das erste Tag hinzu!

MARC

LEADER 00000nbm a2200000 4500
001 0244500
005 20180807080158.8
041 0 |a slo 
044 |a SK 
245 1 0 |a Sociologické aspekty migrácie v EÚ  |b diplomová práca  |c Monika Mazancová ; školiteľ: Viera Štefancová 
264 1 |a Bratislava  |c 2018 
300 |a 113 s. 
100 1 |a Mazancová, Monika 
700 1 |a Štefancová, Viera 
710 2 |a Fakulta medzinárodných vzťahov EU. Katedra medzinárodných politických vzťahov